Painting glass / (Record no. 3940)

MARC details
000 -LEADER
fixed length control field 00568nam a2200205 ar4500
001 - CONTROL NUMBER
control field 3942
005 - DATE AND TIME OF LATEST TRANSACTION
control field 20221127090839.0
008 - FIXED-LENGTH DATA ELEMENTS--GENERAL INFORMATION
fixed length control field 140821s xxka 00110|eng d
020 ## - INTERNATIONAL STANDARD BOOK NUMBER
International Standard Book Number 1859472866(pbk)
082 04 - DEWEY DECIMAL CLASSIFICATION NUMBER
Classification number 748.50282
Item number G82 2003
100 1# - MAIN ENTRY--PERSONAL NAME
Personal name Green, Caroline.
245 10 - TITLE STATEMENT
Title Painting glass /
Statement of responsibility, etc. Caroline Green.
260 ## - PUBLICATION, DISTRIBUTION, ETC.
Place of publication, distribution, etc. London :
Name of publisher, distributor, etc. New Holland,
Date of publication, distribution, etc. 2003.
300 ## - PHYSICAL DESCRIPTION
Extent 96 p. :
Other physical details ill.(chiefly col.) ;
Dimensions 28 cm.
440 #0 - SERIES STATEMENT/ADDED ENTRY--TITLE
Title Step-by-step crafts.
500 ## - GENERAL NOTE
General note Includes index.
650 #4 - SUBJECT ADDED ENTRY--TOPICAL TERM
Topical term or geographic name entry element Glass craft.
650 #4 - SUBJECT ADDED ENTRY--TOPICAL TERM
Topical term or geographic name entry element Arts.
650 #4 - SUBJECT ADDED ENTRY--TOPICAL TERM
Topical term or geographic name entry element Glass painting and staining.
Holdings
Withdrawn status Lost status Source of classification or shelving scheme Damaged status Not for loan Home library Current library Date acquired Total Checkouts Full call number Barcode Date last seen Copy number Price effective from Koha item type
              11/27/2022   748.50282 G82 2003 10000000013167 11/27/2022 C1 11/27/2022 Book